[Event "Potiguar-ch"]
[Site "Natal"]
[Date "2014.08.17"]
[Round "4"]
[White "Da Silva Jr, Ivonaldo Silvestre"]
[Black "De Carvalho, Matheus Leao"]
[Result "1-0"]
[WhiteElo "1583"]
[BlackElo "1797"]
[PlyCount "57"]
[EventDate "2014.08.15"]
[EventType "swiss"]
[EventRounds "9"]
[EventCountry "BRA"]
[SourceTitle "CBM 162 Extra"]
[Source "ChessBase"]
[SourceDate "2014.10.17"]
[SourceVersion "1"]
[SourceVersionDate "2014.10.17"]
[SourceQuality "1"]

1. e4 g6 2. d4 Bg7 3. Nf3 d6 4. Nc3 Nf6 5. Be2 0-0 6. 0-0 Nbd7 7. Bg5 Re8 8. Qd2 c6 9. Rfe1 Nf8 10. h3 Ne6 11. Be3 Qc7 12. Rad1 Bd7 13. Ng5 Nf8 14. Qc1 Rac8 15. Bf4 e5 16. dxe5 dxe5 17. Be3 h5 18. Bc4 Re7 19. Bc5 Be8 20. Bxe7 Qxe7 21. Qd2 Bh6 22. f4 exf4 23. Qxf4 Qc5+ 24. Kh1 Qxc4 25. Qxf6 Nd7 26. Rxd7 Bxd7 27. b3 Bg7 28. Qxg7+ Kxg7 29. bxc4 1-0